Welche Stadt in Baden-Württemberg? - Statistiken

Allgemein
  • Dieses Quiz wurde 9.192 mal gespielt
  • Das Durchschnittsergebnis liegt bei 12 aus 20
Antwortstatistiken
Beschreibung Buchstabe Stadt % Korrekt
Landeshauptstadt S Stuttgart
99%
In dieser Stadt steht der mittlerweile nur noch zweithöchste Kirchturm der Welt; außerdem wurde Albert Einstein hier geboren U Ulm
93%
In dieser Stadt sitzt das Bundesverfassungsgericht K Karlsruhe
91%
Hier ist die älteste Universität Deutschlands beheimatet H Heidelberg
90%
Südlichste Großstadt Deutschlands F Freiburg im Breisgau
89%
Die größte Stadt am Bodensee K Konstanz
78%
In dieser Stadt ist eine weltweit tätige Firma beheimatet, die durch die Herstellung von Gesellschaftsspielen und Puzzles bekannt ist und nach dem Namen ihrer Heimatstadt benannt wurde R Ravensburg
76%
Diese Stadt ist bekannt für ihre Thermalbäder und ihr Name besteht aus zwei Mal dem gleichen Wort B Baden-Baden
72%
Die Straßen dieser Innenstadt tragen in aller Regel keine Namen, stattdessen werden die dazwischenliegenden Quadrate aus einer Kombination von Buchstabe und Zahl benannt M Mannheim
68%
Die zweitgrößte Stadt am Bodensee F Friedrichshafen
61%
In dieser Stadt spielt die TSG 1899 Hoffenheim S Sinsheim
55%
Die größte Gemeinde in Deutschland mit einem Doppelnamen V Villingen-Schwenningen
54%
Diese Großstadt wird auch Käthchenstadt genannt, nach der Titelperson in Heinrich von Kleists Schauspiel "Das Käthchen von H..." H Heilbronn
53%
Diese von der Schmuckherstellung geprägten Großstadt trägt den Beinamen Goldstadt P Pforzheim
52%
Diese Stadt ist unter anderem bekannt durch ihre gleichnamige Bausparkasse S Schwäbisch Hall
51%
Die engste Straße der Welt liegt in dieser Großstadt R Reutlingen
47%
Diese Gemeinde trägt den selben Namen wie der höchste Berg in Baden-Württemberg F Feldberg
44%
Diese Stadt im äußersten Südwesten Deutschlands liegt unmittelbar im Dreiländereck Deutschland-Schweiz-Frankreich W Weil am Rhein
25%
Die älteste Stadt in Baden-Württemberg R Rottweil
21%
In dieser Stadt ist der südliche Ausgangspunkt der Schwarzwaldhochstraße und Deutschlands größter umbauter Marktplatz F Freudenstadt
18%
Keine übereinstimmenden Quizze gefunden
Verteilung der Resultate
Anzahl Personen mit jedem Resultat
Perzentil nach korrekt beantworteten Fragen
Ihre Resultats-Entwicklung
Sie haben dieses Quiz noch nicht gespielt